Представление документа в формате RUSMARC

ПолеНазваниеЗначение
  Тип записи a
  Библиографический уровень c
001 Контрольный номер RU/SLIB/B/208707955
005 Дата корректировки 20201206203858.3
010 Индекс ISBN __
d Цена 1600-00
101 Язык документа 0_
a Язык текста rus
c Язык оригинала rus
200 Заглавие и сведения об ответственности 0_
a Заглавие Рудин. Дворянское гнездо. Повести
f Первые сведения об ответственности И. С. Тургенев ; [худож. Ю. Игнатьев]
b Общее обозначение материала Текст
210 Выходные данные __
a Место издания М.
c Издательство Худож. лит.
d Дата издания 1980
215 Физическое описание __
a Объем 368 с.
225 Серия __
a Серия Классики и современники
i Наименование части Русская классическая литература
327 Примечание о содержании __
a Примечание о содержании Дворянское гнездо
606 Тематические рубрики __
a Основная рубрика Художественная литература
z Хронологическая подрубрика 19 в.
y Географическая подрубрика Россия
606 Тематические рубрики __
a Основная рубрика Русская литература XIX в. (произведения)
610 Ключевые слова __
a Ключевые слова повести; романы; тема любви; тема дворянства; тема России; тема Родины; лишний человек; Рудин; литературные герои; литературные персонажи
686 Индексы других классификаций __
2 Код системы rubbks
a Классификационный индекс 84(2=411.2)52-4 ; ст84(2Рос=Рус)1-4
700 Автор _1
a Фамилия Тургенев
b Имя И. С.
g Полное личное имя Иван Сергеевич
4 Код отношения 070
702 Вторичная интеллектуальная ответственность _1
a Фамилия Игнатьев
b Имя Ю.
4 Код отношения Художник
4 Код отношения 040
801 Источник записи _0
a Страна RU
b Организация Муниципальное бюджетное учреждение культуры "Централизованная библиотечная система" г. Сургут (Центральная городская библиотека им. А. С. Пушкина)
g Правила каталогизации ОБ/Гудкова; КиК/Поспелова
801 Источник записи _1
a Страна RU
b Организация Муниципальное бюджетное учреждение культуры "Централизованная библиотечная система" г. Сургут (Центральная городская библиотека им. А. С. Пушкина)
g Правила каталогизации ОБ/Гудкова; КиК/Поспелова
852 Данные о местонахождении __
j Шифр хранения 84(2=411.2)52-4
c Каталожный индекс 84(2Рос=Рус)1-4
i Авторский знак Т 87
p Инвентарный номер 62294
901 Тип документа 1_
t Тип документа x
903 Характеристики (МАРС) __
a Дата передачи 20000220; 20060602
969 Тип издания __
a Тип издания сборник
990 Данные о заказе (DOS) 00
j Количество экземпляров (DOS) 1
t N записи в КСУ для И/У (DOS) 199701